000 00843nam a2200253Ia 4500
003 OSt
005 20220926010526.0
006 a|||||r|||| 00| 0
007 ta
008 220923b |||||||| |||| 00| 0 eng d
020 _a9788190618663
_c276.25
037 _bDU49, 29/03/2010, INDEPENDENT PUBLISHERS GROUP
_cGeneral Book
040 _aRTL
_cRTL
_beng
041 _2eng
_aeng
082 _aY:1v2.P, Q0
100 _aDube Saurabh
_9147695
245 0 _aAfter conversion
_b Cultural histories of modern India.
260 _a New Delhi
_bYoda Press
_c2010
300 _axi, 210p. Bibliography chapterwise
_ccm.
490 _aNew Perspectives on Indian Pasts.
650 _aSociology
942 _hY:1v2.P, Q0
_cGB
_2CC
999 _c617523
_d617523